| 000 | 00552nam a2200169 i 4500 | ||
|---|---|---|---|
| 001 | 57513 | ||
| 003 | ES-MaACL | ||
| 005 | 20230906163607.0 | ||
| 007 | t| | ||
| 008 | 031016s1918 fr ||||1| fre d | ||
| 100 | 1 |
_aDoléris, J. A. _945020 |
|
| 245 | 1 | 0 |
_aHygiene et morale sociales _b: néomalthusianisme, maternité et fémminisme : education sexuelle / _cpar J.A. Doléris et Jean Bouscatel. |
| 260 |
_aParis : _bMasson et Cie, _c1918 ( _fLahure) |
||
| 300 |
_a264 p. ; _c21 cm. |
||
| 700 | 1 |
_aBouscatel, Jean. _931030 |
|
| 852 |
_aES-MaACL _jB-11963 |
||
| 999 |
_c57513 _d57513 |
||